000 00452cam a2200181ua 4500
001 10517
008 190312n ii |||frmmmmZ001|0|eng
040 _cMAIN
082 _a301
100 _aR M Maciver,
_eAuthor.
245 _aSociety
_ban introductory analysis
250 _a4th rep.
260 _aDelhi:
_bSurjeet publications,
_c2016.
300 _a697p.
653 _aSociology & anthropology
700 _aCharles H Page,
_eAuthor.
942 _cBK
999 _c9500
_d9500